Szczegóły MARC21

Infrastruktura finansowa jako czynnik rozwoju gospodarczego /

003 -Nazwa inst., której nr kontr. jest w polu 001 [,]
    • @
    • Nazwa instytucji, której n kontrolny jest w polu 001
    • NUKAT
005 -DATA I CZAS OSTATNIEJ MODYFIKACJI [,]
    • @
    • pole kontrolne
    • 20241231085713.0
020 -Międzynarod. znormalizowany nr książki - ISBN [ , ]
    • a
    • Numer ISBN
    • 9788376112701 Find
040 -Instytucja sporządzająca opis [ , ]
    • a
    • Instytucja, która sporządziła opis (NP)
    • LUBL 58/LL
    • c
    • Instytucja, która sporządziła rekord (NP)
    • LUBL 58/LL
    • d
    • Instytucja, która zmodyfikowała rekord (P)
    • LUBL 58/MN
    • d
    • Instytucja, która zmodyfikowała rekord (P)
    • LUBL 58/ESs
    • d
    • Instytucja, która zmodyfikowała rekord (P)
    • SZCZ U/JS
041 -Język dokumentu [0, ]
    • a
    • Język tekstu (P)
    • polski
    • b
    • Język streszczeń lub abstraktu (P)
    • angielski
942 -Rodzaj dokumentu [ , ]
    • c
    • Rodzaj dokumentu
    • Książka
245 -Strefa tytułu i oznaczenia odpowiedzialności [0,0]
    • a
    • Tytuł
    • Infrastruktura finansowa jako czynnik rozwoju gospodarczego / Find
    • c
    • Pozostałe elementy strefy tytułu i oznaczenia odpowiedzialności (NP)
    • red. nauk. Adam P. Balcerzak.
260 -Strefa adresu wydawniczego [ , ]
    • a
    • Miejsce wydania (P)
    • Toruń :
    • b
    • Nazwa wydawcy (P)
    • Wydawnictwo Adam Marszałek,
    • c
    • Data wydania (P)
    • cop. 2009.
300 -Strefa opisu fizycznego [ , ]
    • a
    • Określenie formy książki i/lub objętość (NP)
    • 144 s. :
    • b
    • Oznaczenie ilustracji (NP)
    • il. ;
    • c
    • Format (NP)
    • 23 cm.
336 -Typ zawartości [ , ]
    • a
    • Termin opisujący typ zawartości
    • Tekst
    • b
    • Kod określający zawartość
    • txt
    • 2
    • Źródło (terminu i kodu)
    • rdacontent
337 -Typ mediów [ , ]
    • a
    • Tryb odtwarzania
    • Bez urządzenia pośredniczącego
    • b
    • Kod typu mediów
    • n
    • 2
    • Źródło (terminu i kodu)
    • rdamedia
338 -Typ/rodzaj nośnika [ , ]
    • a
    • Hasło opisujące typ nośnika
    • Wolumin
    • b
    • Kod typu nośnika
    • nc
    • 2
    • Źródło (terminu i kodu)
    • rdacarrier
504 -Uwaga dot. bibliogr. załącznikowej [ , ]
    • a
    • Uwaga dot. bibliografii załącznikowej
    • Bibliogr. przy pracach.
546 -Uwaga dot. języka [ , ]
    • a
    • Uwaga dot. języka
    • Streszcz. ang.
080 -Uniwersalna Klasyfikacja Dziesiętna [ , ]
    • 2
    • Identyfikator wydania tablic
    • UDC-P058
    • 9
    • UKD
    • 5620
    • a
    • Symbol klasyfikacji
    • 658.14/.17
    • b
    • Dopowiedzenie
    • Zagadnienia finansowe przedsiębiorstwa. Rozrachunek gospodarczy. Fundusz zakładowy.
    • 4
    • UKD2
    • 7642
    • x
    • Poddział wspólny
    • (438)
    • c
    • Dopowiedzenie poddz. wspólnego
    • (Polska).
    • 4
    • UKD2
    • 8594
    • x
    • Poddział wspólny
    • (07)
    • c
    • Dopowiedzenie poddz. wspólnego
    • (Wydawnictwa dydaktyczne. Podręczniki).
080 -Uniwersalna Klasyfikacja Dziesiętna [ , ]
    • 2
    • Identyfikator wydania tablic
    • UDC-P058
    • 9
    • UKD
    • 3165
    • a
    • Symbol klasyfikacji
    • 336.71
    • b
    • Dopowiedzenie
    • Bankowość. Banki.
    • 4
    • UKD2
    • 7642
    • x
    • Poddział wspólny
    • (438)
    • c
    • Dopowiedzenie poddz. wspólnego
    • (Polska).
    • 4
    • UKD2
    • 8594
    • x
    • Poddział wspólny
    • (07)
    • c
    • Dopowiedzenie poddz. wspólnego
    • (Wydawnictwa dydaktyczne. Podręczniki).
080 -Uniwersalna Klasyfikacja Dziesiętna [ , ]
    • 2
    • Identyfikator wydania tablic
    • UDC-P058
    • 9
    • UKD
    • 3339
    • a
    • Symbol klasyfikacji
    • 339.923
    • b
    • Dopowiedzenie
    • Unie gospodarcze. Wspólnoty gospodarcze. Bloki gospodarcze.
    • 4
    • UKD2
    • 7642
    • x
    • Poddział wspólny
    • (438)
    • c
    • Dopowiedzenie poddz. wspólnego
    • (Polska).
    • 4
    • UKD2
    • 8594
    • x
    • Poddział wspólny
    • (07)
    • c
    • Dopowiedzenie poddz. wspólnego
    • (Wydawnictwa dydaktyczne. Podręczniki).
    • 4
    • UKD2
    • 7975
    • x
    • Poddział wspólny
    • (4-67)
    • c
    • Dopowiedzenie poddz. wspólnego
    • (Kraje Unii Europejskiej).
080 -Uniwersalna Klasyfikacja Dziesiętna [ , ]
    • 2
    • Identyfikator wydania tablic
    • UDC-P058
    • 9
    • UKD
    • 2960
    • a
    • Symbol klasyfikacji
    • 330.34
    • b
    • Dopowiedzenie
    • Rozwój gospodarczy.
    • 4
    • UKD2
    • 7642
    • x
    • Poddział wspólny
    • (438)
    • c
    • Dopowiedzenie poddz. wspólnego
    • (Polska).
    • 4
    • UKD2
    • 8594
    • x
    • Poddział wspólny
    • (07)
    • c
    • Dopowiedzenie poddz. wspólnego
    • (Wydawnictwa dydaktyczne. Podręczniki).
650 -Hasło przedmiotowe [ ,7]
    • a
    • Hasło przedmiotowe
    • Inwestycje
    • x
    • Określnik rzeczowy
    • finanse.
    • 2
    • Źródło terminu
    • kaba
    • 9
    • KHW
    • 369960
650 -Hasło przedmiotowe [ ,7]
    • a
    • Hasło przedmiotowe
    • Kapitał o zwiększonym ryzyku.
    • 2
    • Źródło terminu
    • kaba
    • 9
    • KHW
    • 113954
650 -Hasło przedmiotowe [ ,7]
    • a
    • Hasło przedmiotowe
    • Rozwój gospodarczy.
    • 2
    • Źródło terminu
    • kaba
    • 9
    • KHW
    • 128387
650 -Hasło przedmiotowe [ ,7]
    • a
    • Hasło przedmiotowe
    • Rynek kapitałowy.
    • 2
    • Źródło terminu
    • kaba
    • 9
    • KHW
    • 149370
980 -Symbol UKD [ , ]
    • a
    • UKD
    • 658.14/.17:336.71:339.923(4-67):330.34](438)(07)
700 -Hasło dodatkowe - nazwa osobowa [1, ]
    • a
    • Nazwa osobowa (NP)
    • Balcerzak, Adam P. Find
    • e
    • Określenie rodzaju współpracy
    • Red.
    • 9
    • KHW
    • 7681
710 -Hasło dodatkowe - nazwa ciała zbiorowego [2, ]
    • a
    • Nazwa ciała zbiorowego lub nazwa geograficzna jako pierwszy element (NP)
    • Wydawnictwo Adam Marszałek.
    • 4
    • Kod relacji
    • pbl
    • 9
    • KHW
    • 53600
920 -ISBN [ , ]
    • a
    • ISBN
    • 978-83-7611-270-1 Find
Data inwentaryzacji Lokalizacja Status udost. Numer inwentarzowy Sygnatura
2015-09-09BE-3GW.446133
2015-09-09BE-3GW.446233
2014-12-03T-2T.18538T.18538